000 01032nam a2200193 a 4500
008 120416s1985 ||||||||||||||||| || u
020 _a0631143394
050 _aHG 226.3 Cut
100 _aCuthbertson, Keith
245 1 4 _aThe supply and demand for money
260 _aOxford:
_bBasil Blackwell
_c1985
300 _axii, 259p. : ill.
350 _a0.00
650 _aMoney supply
995 _aANNEX COLLECTION (Main Library)
_D0.00
_e721068
_FCBU-MAIN LIBRARY (Kitwe)
_H1
_I35.00
_jHG 226.3 Cut
_M4
_UAVAILABLE
_y007631
_ZAnnex Low-Usage Collection
995 _aMAIN LIBRARY OPEN ACCESS
_D0.00
_e721066
_FCBU-MAIN LIBRARY (Kitwe)
_H4
_I35.00
_jHG 226.3 Cut
_M3
_UAVAILABLE
_y007630
_ZMain Library Open Access Collection
995 _aANNEX COLLECTION (Main Library)
_D0.00
_e721065
_FCBU-MAIN LIBRARY (Kitwe)
_H2
_I35.00
_jHG 226.3 Cut
_M1
_UAVAILABLE
_y007628
_ZAnnex Low-Usage Collection
995 _aMAIN LIBRARY OPEN ACCESS
_D0.00
_e721067
_FCBU-MAIN LIBRARY (Kitwe)
_H3
_I35.00
_jHG 226.3 Cut
_M2
_UAVAILABLE
_y007629
_ZMain Library Open Access Collection
999 _c80831
_d80831